Transformación del Estado en América Latina /
Spremljeno u:
| Glavni autor: | |
|---|---|
| Format: | Tekst |
| Oznake: |
Dodaj oznaku
Bez oznaka, Budi prvi tko označuje ovaj zapis!
|
MARC
| LEADER | 00000 a a2200000 04500 | ||
|---|---|---|---|
| 001 | 47511 | ||
| 003 | |||
| 040 | |||
| 100 | |a Garretón M., Manuel Antonio | ||
| 245 | |a Transformación del Estado en América Latina / |c Manuel Antonio Garretón M. | ||
| 773 | |g número6, (1995), páginas 4-16 | ||
| 999 | |c 37319 |d 37319 | ||
